[Event "DVM U12 2022"]
[Site "München GER"]
[Date "2022.12.30"]
[Round "7"]
[White "Franzky, Julian"]
[Black "Kirsch, Jamie"]
[Result "1/2-1/2"]
[Termination "normal"]
[Board "2.4"]
[WhiteElo "1505"]
[BlackElo "1148"]
[WhiteClock "00:18:06"]
[BlackClock "00:05:15"]
[WhiteTeam "TV Tegernsee"]
[BlackTeam "SSV Vimaria 91 Weimar"]
[PlyCount "53"]
[WhiteFideId "16291603"]
[BlackFideId "34640460"]
[EventCountry "GER"]
[EventRounds "7"]
[EventType "team-swiss"]
[EventDate "2022.12.26"]

1. e4 {[%clk 01:30:58]} d5 {[%clk 01:30:50]} {[%emt 00:00:10]} 2. exd5 {[%clk
01:31:18]} {[%emt 00:00:10]} Qxd5 {[%clk 01:31:09]} {[%emt 00:00:11]} 3. Nc3
{[%clk 01:31:38]} {[%emt 00:00:10]} Qa5 {[%emt 00:00:31]} 4. d4 {[%clk
01:31:56]} {[%emt 00:00:11]} Nf6 {[%clk 01:30:47]} {[%emt 00:00:53]} 5. Nf3
{[%clk 01:32:11]} {[%emt 00:00:15]} c6 {[%clk 01:28:06]} {[%emt 00:03:10]} 6.
Bc4 {[%clk 01:32:08]} {[%emt 00:00:33]} Bf5 {[%clk 01:22:49]} {[%emt 00:05:47]}
7. Ne5 {[%clk 01:31:27]} {[%emt 00:01:12]} e6 {[%clk 01:20:28]} {[%emt
00:02:50]} 8. g4 {[%clk 01:31:17]} {[%emt 00:00:40]} Be4 {[%clk 01:11:50]}
{[%emt 00:09:07]} 9. f3 {[%clk 01:28:23]} {[%emt 00:03:24]} Bd5 {[%clk
01:10:30]} {[%emt 00:01:49]} 10. O-O {[%clk 01:26:49]} {[%emt 00:02:06]} Bd6
{[%clk 00:59:18]} {[%emt 00:11:41]} 11. Bxd5 {[%clk 01:12:41]} {[%emt
00:14:39]} Nxd5 {[%clk 00:58:05]} {[%emt 00:01:44]} 12. Nc4 {[%clk 01:07:52]}
{[%emt 00:05:19]} Qc7 {[%clk 00:55:03]} {[%emt 00:03:28]} 13. Nxd6 {[%clk
01:07:25]} {[%emt 00:01:00]} Qxd6 {[%clk 00:55:02]} {[%emt 00:00:32]} 14. Ne4
{[%clk 01:06:38]} {[%emt 00:01:17]} Qc7 {[%clk 00:49:14]} {[%emt 00:06:14]} 15.
c3 {[%clk 01:02:16]} {[%emt 00:04:56]} Nd7 {[%clk 00:44:35]} {[%emt 00:05:08]}
16. Qd2 {[%clk 00:55:48]} {[%emt 00:06:59]} h6 {[%clk 00:34:06]} {[%emt
00:10:59]} 17. c4 {[%clk 00:52:38]} {[%emt 00:03:39]} Ne7 {[%clk 00:27:15]}
{[%emt 00:07:19]} 18. Qf4 {[%clk 00:50:39]} {[%emt 00:02:30]} Qxf4 {[%clk
00:26:18]} {[%emt 00:01:27]} 19. Bxf4 {[%clk 00:50:56]} {[%emt 00:00:14]} O-O
{[%clk 00:22:37]} {[%emt 00:04:10]} 20. Nd6 {[%clk 00:46:26]} {[%emt 00:04:57]}
b6 {[%clk 00:19:48]} {[%emt 00:03:23]} 21. Rfe1 {[%clk 00:43:35]} {[%emt
00:03:22]} Ng6 {[%clk 00:19:03]} {[%emt 00:01:14]} 22. Bg3 {[%clk 00:41:26]}
{[%emt 00:02:40]} c5 {[%clk 00:16:57]} {[%emt 00:02:35]} 23. Rad1 {[%clk
00:38:46]} {[%emt 00:03:11]} a5 {[%clk 00:10:35]} {[%emt 00:06:52]} 24. Nb5
{[%clk 00:35:13]} {[%emt 00:04:03]} a4 {[%clk 00:08:11]} {[%emt 00:02:54]} 25.
d5 {[%clk 00:29:56]} {[%emt 00:05:48]} e5 {[%clk 00:07:11]} {[%emt 00:01:30]}
26. Re3 {[%clk 00:20:33]} {[%emt 00:09:53]} f6 {[%clk 00:05:15]} {[%emt
00:02:26]} 27. h4 {[%clk 00:18:06]} {[%emt 00:02:56]} 1/2-1/2

[Event "DVM U12 2022"]
[Site "München GER"]
[Date "2022.12.30"]
[Round "7"]
[White "Türel, Tugrul"]
[Black "Lu, Yunong Elias"]
[Result "0-1"]
[Termination "normal"]
[Board "3.1"]
[WhiteElo "1605"]
[BlackElo "1678"]
[WhiteClock "00:01:06"]
[BlackClock "00:18:45"]
[WhiteTeam "SF München"]
[BlackTeam "Hamburger SK von 1830"]
[PlyCount "140"]
[WhiteFideId "26338408"]
[BlackFideId "16276426"]
[EventCountry "GER"]
[EventRounds "7"]
[EventType "team-swiss"]
[EventDate "2022.12.26"]

1. e4 {[%clk 01:30:56]} {[%emt 00:00:03]} c6 {[%clk 01:30:47]} {[%emt
00:00:14]} 2. Nc3 {[%clk 01:31:19]} {[%emt 00:00:07]} d5 {[%clk 01:31:10]}
{[%emt 00:00:07]} 3. Nf3 {[%clk 01:31:40]} {[%emt 00:00:08]} dxe4 {[%clk
01:31:31]} {[%emt 00:00:10]} 4. Nxe4 {[%clk 01:31:52]} {[%emt 00:00:17]} Nf6
{[%clk 01:31:29]} {[%emt 00:00:32]} 5. Qe2 {[%clk 01:31:22]} {[%emt 00:01:00]}
Nxe4 {[%clk 01:31:32]} {[%emt 00:00:27]} 6. Qxe4 {[%clk 01:31:46]} {[%emt
00:00:06]} Nd7 {[%clk 01:31:18]} {[%emt 00:00:44]} 7. Bc4 {[%clk 01:32:07]}
{[%emt 00:00:08]} Nf6 {[%clk 01:31:03]} {[%emt 00:00:46]} 8. Ne5 {[%clk
01:32:32]} {[%emt 00:00:05]} e6 {[%clk 01:31:19]} {[%emt 00:00:15]} 9. Qe2
{[%clk 01:31:51]} {[%emt 00:01:10]} b5 {[%clk 01:28:03]} {[%emt 00:03:46]} 10.
Bb3 {[%clk 01:31:40]} {[%emt 00:00:41]} Qc7 {[%clk 01:20:40]} {[%emt 00:07:53]}
11. d4 {[%clk 01:31:26]} {[%emt 00:00:44]} h6 {[%clk 01:19:50]} {[%emt
00:01:20]} 12. Bf4 {[%clk 01:30:22]} {[%emt 00:01:34]} Bd6 {[%clk 01:16:17]}
{[%emt 00:04:04]} 13. O-O {[%clk 01:27:59]} {[%emt 00:02:53]} O-O {[%clk
01:09:53]} {[%emt 00:06:53]} 14. c3 {[%clk 01:25:06]} {[%emt 00:03:23]} Rd8
{[%clk 00:56:41]} {[%emt 00:13:43]} 15. Bg3 {[%clk 01:24:11]} {[%emt 00:01:24]}
a6 {[%clk 00:52:35]} {[%emt 00:04:36]} 16. Rad1 {[%clk 01:21:34]} {[%emt
00:03:06]} Bd7 {[%clk 00:33:52]} {[%emt 00:19:14]} 17. Kh1 {[%clk 01:20:06]}
{[%emt 00:01:57]} Be8 {[%clk 00:31:24]} {[%emt 00:03:00]} 18. Bc2 {[%clk
01:13:53]} {[%emt 00:06:43]} c5 {[%clk 00:28:35]} {[%emt 00:03:19]} 19. dxc5
{[%clk 01:13:45]} {[%emt 00:00:37]} Qxc5 {[%clk 00:25:59]} {[%emt 00:03:05]}
20. f4 {[%clk 01:11:04]} {[%emt 00:03:11]} Bxe5 {[%clk 00:24:52]} {[%emt
00:01:38]} 21. fxe5 {[%clk 01:08:21]} {[%emt 00:03:12]} Nd5 {[%clk 00:22:44]}
{[%emt 00:02:38]} 22. Bh4 {[%clk 00:53:05]} {[%emt 00:15:46]} Rd7 {[%clk
00:18:53]} {[%emt 00:04:21]} 23. Qe4 {[%clk 00:51:33]} {[%emt 00:02:02]} g6
{[%clk 00:18:45]} {[%emt 00:00:38]} 24. Rf3 {[%clk 00:50:24]} {[%emt 00:01:38]}
Rc8 {[%clk 00:13:52]} {[%emt 00:05:24]} 25. Bf2 {[%clk 00:38:17]} {[%emt
00:12:37]} Qc4 {[%clk 00:12:48]} {[%emt 00:01:35]} 26. Qxc4 {[%clk 00:37:45]}
{[%emt 00:01:01]} bxc4 {[%clk 00:11:24]} {[%emt 00:01:54]} 27. Bd4 {[%clk
00:33:23]} {[%emt 00:04:52]} Rb7 {[%clk 00:10:17]} {[%emt 00:01:38]} 28. b3
{[%clk 00:31:12]} {[%emt 00:02:40]} Bc6 {[%clk 00:07:40]} {[%emt 00:03:08]} 29.
Rf2 {[%clk 00:27:12]} {[%emt 00:04:30]} Bb5 {[%clk 00:06:21]} {[%emt 00:01:50]}
30. Be4 {[%clk 00:18:58]} {[%emt 00:08:43]} Rd7 {[%clk 00:05:43]} {[%emt
00:01:09]} 31. Rc1 {[%clk 00:17:54]} {[%emt 00:01:34]} cxb3 {[%clk 00:05:01]}
{[%emt 00:01:11]} 32. Bxd5 {[%clk 00:13:49]} {[%emt 00:04:35]} Rxd5 {[%clk
00:05:20]} {[%emt 00:00:12]} 33. Re1 {[%clk 00:12:46]} {[%emt 00:01:32]} Bc4
{[%emt 00:01:18]} 34. axb3 {[%emt 00:00:34]} Bxb3 {[%clk 00:03:57]} 35. Rb2
{[%clk 00:11:04]} {[%emt 00:02:12]} Bc4 {[%clk 00:03:22]} {[%emt 00:01:05]} 36.
Ra1 {[%clk 00:10:24]} {[%emt 00:01:10]} a5 {[%clk 00:02:44]} {[%emt 00:01:07]}
37. Kg1 {[%clk 00:10:37]} {[%emt 00:00:17]} Ra8 {[%clk 00:02:06]} {[%emt
00:01:09]} 38. Kf2 {[%clk 00:10:45]} {[%emt 00:00:22]} Bd3 {[%clk 00:01:40]}
{[%emt 00:00:55]} 39. Ke3 {[%clk 00:10:11]} {[%emt 00:01:04]} Bc4 {[%clk
00:01:49]} {[%emt 00:00:22]} 40. Ra4 {[%clk 00:06:51]} {[%emt 00:03:50]} Bb5
{[%clk 00:01:15]} {[%emt 00:01:05]} 41. Ra3 {[%clk 00:06:54]} {[%emt 00:00:26]}
a4 {[%clk 00:30:19]} {[%emt 00:01:26]} 42. Rb4 {[%clk 00:35:15]} {[%emt
00:02:09]} Be8 {[%clk 00:29:48]} {[%emt 00:01:00]} 43. Ke2 {[%clk 00:31:23]}
{[%emt 00:04:23]} Kg7 {[%clk 00:29:31]} {[%emt 00:00:47]} 44. g3 {[%clk
00:31:03]} {[%emt 00:00:50]} g5 {[%clk 00:28:40]} {[%emt 00:01:22]} 45. Ke3
{[%clk 00:27:43]} {[%emt 00:49:39]} h5 {[%clk 00:28:01]} 46. h3 {[%clk
00:25:36]} Kg6 {[%clk 00:26:45]} 47. Rb2 {[%clk 00:23:03]} Ra6 {[%clk
00:24:26]} 48. c4 {[%clk 00:20:27]} Rd8 {[%clk 00:24:23]} 49. c5 {[%clk
00:20:12]} f5 {[%clk 00:21:22]} 50. exf6 {[%clk 00:11:26]} e5 {[%clk 00:21:46]}
51. Bc3 {[%clk 00:11:43]} Rxf6 {[%clk 00:20:49]} 52. Bxe5 {[%clk 00:06:45]} Re6
{[%clk 00:20:56]} 53. Rb6 {[%clk 00:07:13]} Bc6 {[%clk 00:21:12]} 54. Kf2
{[%clk 00:07:40]} Rd2 {[%clk 00:20:45]} 55. Kf1 {[%clk 00:04:25]} Kf5 {[%clk
00:20:58]} 56. g4 {[%clk 00:03:04]} hxg4 {[%emt 00:00:07]} 57. hxg4 {[%clk
00:03:32]} Kxg4 {[%clk 00:19:06]} {[%emt 00:00:20]} 58. Rb4 {[%clk 00:02:30]}
{[%emt 00:01:31]} Kf5 {[%clk 00:19:01]} {[%emt 00:00:34]} 59. Bg3 {[%clk
00:02:58]} {[%emt 00:00:04]} Rh6 {[%clk 00:18:05]} {[%emt 00:01:21]} 60. Ke1
{[%clk 00:01:58]} {[%emt 00:01:35]} Rg2 {[%clk 00:17:52]} {[%emt 00:00:42]} 61.
Kd1 {[%clk 00:02:18]} {[%emt 00:00:11]} Rh3 {[%clk 00:17:19]} {[%emt 00:01:02]}
62. Rb6 {[%clk 00:02:20]} {[%emt 00:00:28]} Bd5 {[%clk 00:17:12]} {[%emt
00:00:37]} 63. Rd6 {[%clk 00:00:41]} {[%emt 00:02:10]} Rh1 {[%clk 00:17:03]}
{[%emt 00:00:38]} 64. Be1 {[%clk 00:01:05]} {[%emt 00:00:06]} Bb3 {[%clk
00:17:28]} {[%emt 00:00:04]} 65. Rxb3 {[%clk 00:01:06]} {[%emt 00:00:29]} axb3
{[%clk 00:17:53]} {[%emt 00:00:05]} 66. Rb6 {[%emt 00:00:15]} Ra2 {[%clk
00:18:09]} {[%emt 00:00:13]} 67. Rxb3 {[%clk 00:01:09]} {[%emt 00:00:43]} Ra1
{[%clk 00:18:37]} 68. Kd2 {[%clk 00:01:37]} {[%emt 00:00:03]} Rh2 {[%clk
00:18:21]} {[%emt 00:00:46]} 69. Bf2 {[%clk 00:01:12]} {[%emt 00:00:55]} Ra2
{[%clk 00:18:18]} {[%emt 00:00:33]} 70. Ke1 {[%clk 00:01:06]} {[%emt 00:00:36]}
Rh1 {[%clk 00:18:45]} {[%emt 00:00:03]} 0-1

[Event "DVM U12 2022"]
[Site "München GER"]
[Date "2022.12.30"]
[Round "7"]
[White "Braun, Julian"]
[Black "Büchel, David"]
[Result "1-0"]
[Termination "normal"]
[Board "3.2"]
[WhiteElo "1683"]
[BlackElo "1611"]
[WhiteClock "00:23:53"]
[BlackClock "00:05:37"]
[WhiteTeam "Hamburger SK von 1830"]
[BlackTeam "SF München"]
[PlyCount "74"]
[WhiteFideId "16289293"]
[BlackFideId "34603689"]
[EventCountry "GER"]
[EventRounds "7"]
[EventType "team-swiss"]
[EventDate "2022.12.26"]

1. e4 {[%clk 01:30:59]} {[%emt 14:10:17]} c5 {[%clk 01:30:53]} {[%emt
00:00:07]} 2. Nc3 {[%clk 01:31:27]} {[%emt 00:00:02]} Nc6 {[%clk 01:31:17]}
{[%emt 00:00:06]} 3. Nf3 {[%clk 01:31:55]} {[%emt 00:00:03]} g6 {[%clk
01:31:33]} {[%emt 00:00:14]} 4. Bb5 {[%clk 01:32:19]} {[%emt 00:00:06]} Bg7
{[%clk 01:31:45]} {[%emt 00:00:17]} 5. O-O {[%clk 01:32:34]} {[%emt 00:00:15]}
Nd4 {[%clk 01:31:57]} {[%emt 00:00:18]} 6. Bc4 {[%clk 01:29:07]} {[%emt
00:03:57]} a6 {[%clk 01:31:44]} {[%emt 00:00:44]} 7. a4 {[%clk 01:28:49]}
{[%emt 00:00:47]} e6 {[%clk 01:31:33]} {[%emt 00:00:41]} 8. Re1 {[%clk
01:27:43]} {[%emt 00:01:36]} Ne7 {[%clk 01:31:09]} {[%emt 00:00:54]} 9. d3
{[%clk 01:24:19]} {[%emt 00:03:54]} O-O {[%clk 01:30:27]} {[%emt 00:01:12]} 10.
Nxd4 {[%clk 01:14:36]} {[%emt 00:10:13]} cxd4 {[%clk 01:28:37]} {[%emt
00:02:20]} 11. Ne2 {[%clk 01:14:37]} {[%emt 00:00:29]} b6 {[%clk 01:26:32]}
{[%emt 00:02:35]} 12. c3 {[%clk 01:12:19]} {[%emt 00:02:48]} e5 {[%clk
01:19:56]} {[%emt 00:07:06]} 13. cxd4 {[%clk 01:11:42]} {[%emt 00:01:07]} exd4
{[%clk 01:18:36]} {[%emt 00:01:51]} 14. Nf4 {[%clk 01:09:38]} {[%emt 00:02:34]}
Bb7 {[%clk 01:17:52]} {[%emt 00:01:13]} 15. Qb3 {[%clk 01:08:19]} {[%emt
00:01:49]} Rc8 {[%clk 01:05:03]} {[%emt 00:13:19]} 16. Bd2 {[%clk 01:06:13]}
{[%emt 00:02:37]} h6 {[%clk 00:50:56]} {[%emt 00:14:37]} 17. Bb4 {[%clk
01:02:05]} {[%emt 00:04:38]} d6 {[%clk 00:42:32]} {[%emt 00:08:55]} 18. Rac1
{[%clk 01:01:01]} {[%emt 00:01:33]} Be5 {[%clk 00:41:51]} {[%emt 00:01:10]} 19.
Nd5 {[%clk 00:59:02]} {[%emt 00:02:29]} Nxd5 {[%clk 00:39:13]} {[%emt
00:03:09]} 20. Bxd5 {[%clk 00:59:21]} {[%emt 00:00:11]} Bxd5 {[%clk 00:38:25]}
{[%emt 00:01:18]} 21. Qxd5 {[%clk 00:59:15]} {[%emt 00:00:35]} Qg5 {[%clk
00:28:54]} {[%emt 00:10:02]} 22. Rc6 {[%clk 00:53:34]} {[%emt 00:06:11]} Rxc6
{[%clk 00:24:16]} {[%emt 00:05:08]} 23. Qxc6 {[%clk 00:53:04]} {[%emt
00:01:00]} a5 {[%clk 00:22:33]} {[%emt 00:02:14]} 24. Ba3 {[%clk 00:51:09]}
{[%emt 00:02:24]} Qd2 {[%clk 00:21:01]} {[%emt 00:02:02]} 25. Rf1 {[%clk
00:50:17]} {[%emt 00:01:22]} Qxd3 {[%clk 00:21:08]} {[%emt 00:00:24]} 26. Bxd6
{[%clk 00:49:26]} {[%emt 00:01:20]} Bxd6 {[%clk 00:18:57]} {[%emt 00:02:42]}
27. Qxd6 {[%clk 00:49:35]} {[%emt 00:00:21]} Qxe4 {[%clk 00:16:11]} {[%emt
00:03:15]} 28. Qxb6 {[%clk 00:48:17]} {[%emt 00:01:48]} d3 {[%clk 00:13:31]}
{[%emt 00:03:11]} 29. Qe3 {[%clk 00:42:56]} {[%emt 00:05:50]} Qc4 {[%clk
00:11:31]} {[%emt 00:02:30]} 30. Rc1 {[%clk 00:36:21]} {[%emt 00:07:06]} Qb3
{[%clk 00:11:13]} {[%emt 00:00:48]} 31. Qd2 {[%clk 00:35:33]} {[%emt 00:01:16]}
Rd8 {[%clk 00:08:53]} {[%emt 00:02:51]} 32. Qxa5 {[%clk 00:32:01]} {[%emt
00:04:03]} Rd4 {[%clk 00:06:22]} {[%emt 00:03:01]} 33. Qd2 {[%clk 00:23:15]}
{[%emt 00:09:16]} Qc2 {[%clk 00:04:51]} {[%emt 00:02:01]} 34. Rxc2 {[%clk
00:23:18]} {[%emt 00:00:27]} dxc2 {[%clk 00:04:18]} {[%emt 00:01:04]} 35. Qxc2
{[%clk 00:23:32]} {[%emt 00:00:14]} Rd8 {[%clk 00:04:41]} {[%emt 00:00:08]} 36.
g3 {[%clk 00:23:51]} {[%emt 00:00:11]} Kg7 {[%clk 00:05:09]} {[%emt 00:00:02]}
37. Qc3 {[%clk 00:23:53]} {[%emt 00:00:26]} Kg8 {[%clk 00:05:37]} {[%emt
00:00:04]} 1-0

[Event "DVM U12 2022"]
[Site "München GER"]
[Date "2022.12.30"]
[Round "7"]
[White "Merenda, Lukas-Benedikt"]
[Black "Haertel, Leon"]
[Result "0-1"]
[Termination "normal"]
[Board "3.3"]
[WhiteElo "1502"]
[BlackElo "1265"]
[WhiteClock "00:14:38"]
[BlackClock "00:20:31"]
[WhiteTeam "SF München"]
[BlackTeam "Hamburger SK von 1830"]
[PlyCount "90"]
[WhiteFideId "34603336"]
[BlackFideId "34623736"]
[EventCountry "GER"]
[EventRounds "7"]
[EventType "team-swiss"]
[EventDate "2022.12.26"]

1. e4 {[%clk 01:30:59]} c5 {[%clk 01:30:58]} {[%emt 00:00:03]} 2. Nc3 {[%clk
01:31:26]} {[%emt 00:00:03]} d6 {[%clk 01:31:24]} {[%emt 00:00:04]} 3. d4
{[%clk 01:31:46]} {[%emt 00:00:10]} cxd4 {[%clk 01:31:50]} {[%emt 00:00:03]} 4.
Qxd4 {[%clk 01:32:12]} {[%emt 00:00:04]} Nc6 {[%clk 01:32:16]} {[%emt
00:00:04]} 5. Qd2 {[%clk 01:32:38]} {[%emt 00:00:04]} g6 {[%clk 01:32:41]}
{[%emt 00:00:06]} 6. b3 {[%clk 01:32:57]} {[%emt 00:00:10]} Bh6 {[%clk
01:32:58]} {[%emt 00:00:12]} 7. f4 {[%clk 01:32:57]} {[%emt 00:00:31]} Nf6
{[%clk 01:33:21]} {[%emt 00:00:07]} 8. Bb2 {[%clk 01:31:33]} {[%emt 00:01:55]}
e5 {[%clk 01:33:14]} {[%emt 00:00:36]} 9. Nb5 {[%clk 01:29:30]} {[%emt
00:02:32]} Nxe4 {[%clk 01:33:16]} {[%emt 00:00:29]} 10. Qd5 {[%clk 01:25:48]}
{[%emt 00:04:12]} Bf5 {[%clk 01:29:07]} {[%emt 00:04:39]} 11. Bd3 {[%clk
01:18:40]} {[%emt 00:07:39]} Nb4 {[%clk 01:27:38]} {[%emt 00:02:00]} 12. Qxb7
{[%clk 01:11:30]} {[%emt 00:07:39]} Rb8 {[%clk 01:11:38]} {[%emt 00:16:29]} 13.
Qc7 {[%clk 01:06:25]} {[%emt 00:05:35]} O-O {[%clk 00:57:33]} {[%emt 00:14:35]}
14. Qxd8 {[%clk 00:56:16]} {[%emt 00:10:39]} Rfxd8 {[%clk 00:57:14]} {[%emt
00:00:49]} 15. g4 {[%clk 00:43:52]} {[%emt 00:12:53]} Nxd3 {[%clk 00:54:15]}
{[%emt 00:03:29]} 16. cxd3 {[%clk 00:43:59]} {[%emt 00:00:24]} Bxg4 {[%clk
00:54:28]} {[%emt 00:00:17]} 17. dxe4 {[%clk 00:43:51]} {[%emt 00:00:38]} Rxb5
{[%clk 00:54:42]} {[%emt 00:00:16]} 18. h3 {[%clk 00:36:37]} {[%emt 00:07:43]}
Bc8 {[%clk 00:54:29]} {[%emt 00:00:38]} 19. Ne2 {[%clk 00:36:33]} {[%emt
00:00:40]} exf4 {[%clk 00:54:29]} {[%emt 00:00:30]} 20. Nd4 {[%clk 00:36:30]}
{[%emt 00:00:32]} Rh5 {[%clk 00:54:09]} {[%emt 00:00:50]} 21. Nc6 {[%clk
00:35:48]} {[%emt 00:01:13]} Re8 {[%clk 00:53:56]} {[%emt 00:00:41]} 22. Rc1
{[%clk 00:35:44]} {[%emt 00:00:37]} Bb7 {[%clk 00:53:35]} {[%emt 00:00:48]} 23.
Kf2 {[%clk 00:34:05]} {[%emt 00:02:41]} Rc5 {[%clk 00:47:56]} {[%emt 00:06:34]}
24. Nd4 {[%clk 00:32:58]} {[%emt 00:01:42]} Rxe4 {[%clk 00:46:31]} {[%emt
00:01:55]} 25. b4 {[%clk 00:30:00]} {[%emt 00:03:28]} Rxc1 {[%clk 00:44:38]}
{[%emt 00:02:24]} 26. Rxc1 {[%clk 00:30:23]} {[%emt 00:00:07]} Re8 {[%clk
00:42:34]} {[%emt 00:02:31]} 27. Rc7 {[%clk 00:29:45]} {[%emt 00:01:10]} Bd5
{[%clk 00:41:04]} {[%emt 00:01:59]} 28. Rxa7 {[%clk 00:29:02]} {[%emt
00:01:15]} Bg7 {[%clk 00:41:01]} {[%emt 00:00:32]} 29. Rd7 {[%clk 00:26:48]}
{[%emt 00:02:45]} Bf6 {[%clk 00:38:39]} {[%emt 00:02:51]} 30. Nf5 {[%clk
00:22:25]} {[%emt 00:04:53]} Be6 {[%clk 00:24:40]} {[%emt 00:14:30]} 31. Nh6
{[%clk 00:16:54]} {[%emt 00:06:01]} Kf8 {[%clk 00:21:51]} {[%emt 00:03:18]} 32.
Rxd6 {[%clk 00:14:14]} {[%emt 00:03:10]} Bxb2 {[%clk 00:21:40]} {[%emt
00:00:42]} 33. a4 {[%clk 00:14:23]} {[%emt 00:00:22]} Kg7 {[%clk 00:21:22]}
{[%emt 00:00:46]} 34. Ng4 {[%clk 00:14:48]} {[%emt 00:00:05]} h5 {[%clk
00:21:08]} {[%emt 00:00:44]} 35. Nh2 {[%clk 00:15:03]} {[%emt 00:00:15]} Rb8
{[%clk 00:21:19]} {[%emt 00:00:17]} 36. b5 {[%clk 00:15:16]} {[%emt 00:00:19]}
Bb3 {[%clk 00:21:16]} {[%emt 00:00:32]} 37. Ra6 {[%clk 00:14:59]} {[%emt
00:00:48]} Bd4 {[%clk 00:21:21]} {[%emt 00:00:25]} 38. Kf3 {[%clk 00:15:19]}
{[%emt 00:00:10]} g5 {[%clk 00:21:08]} {[%emt 00:00:43]} 39. Rd6 {[%clk
00:15:02]} {[%emt 00:00:47]} Bc5 {[%clk 00:20:54]} {[%emt 00:00:44]} 40. Rd3
{[%clk 00:15:19]} {[%emt 00:00:13]} Bc4 {[%clk 00:20:11]} {[%emt 00:01:14]} 41.
Rd2 {[%clk 00:14:22]} {[%emt 00:01:28]} Re8 {[%clk 00:20:12]} {[%emt 00:00:28]}
42. h4 {[%clk 00:13:46]} {[%emt 00:01:06]} Re3 {[%clk 00:20:22]} {[%emt
00:00:21]} 43. Kg2 {[%clk 00:13:58]} {[%emt 00:00:18]} g4 {[%clk 00:20:39]}
{[%emt 00:00:13]} 44. Rc2 {[%clk 00:14:17]} {[%emt 00:00:11]} Bd5 {[%clk
00:20:45]} {[%emt 00:00:24]} 45. Kf1 {[%clk 00:14:38]} {[%emt 00:00:08]} g3
{[%clk 00:20:31]} {[%emt 00:00:45]} 0-1

[Event "DVM U12 2022"]
[Site "München GER"]
[Date "2022.12.30"]
[Round "7"]
[White "Heil, Felix"]
[Black "Kaushal, Vedarth"]
[Result "1/2-1/2"]
[Termination "normal"]
[Board "3.4"]
[WhiteElo "1395"]
[BlackElo "1139"]
[WhiteClock "01:24:35"]
[BlackClock "00:47:54"]
[WhiteTeam "Hamburger SK von 1830"]
[BlackTeam "SF München"]
[PlyCount "48"]
[WhiteFideId "34604901"]
[BlackFideId "34631135"]
[EventCountry "GER"]
[EventRounds "7"]
[EventType "team-swiss"]
[EventDate "2022.12.26"]

1. e4 {[%clk 01:30:58]} {[%emt 00:00:01]} e5 {[%clk 01:30:55]} {[%emt
00:00:06]} 2. Nf3 {[%clk 01:31:24]} {[%emt 00:00:04]} Nc6 {[%clk 01:31:11]}
{[%emt 00:00:14]} 3. d4 {[%clk 01:31:50]} {[%emt 00:00:03]} exd4 {[%clk
01:31:36]} {[%emt 00:00:05]} 4. Bc4 {[%clk 01:32:17]} {[%emt 00:00:04]} Nf6
{[%clk 01:31:39]} {[%emt 00:00:28]} 5. O-O {[%clk 01:32:38]} {[%emt 00:00:09]}
Nxe4 {[%clk 01:32:02]} {[%emt 00:00:06]} 6. Re1 {[%clk 01:33:01]} {[%emt
00:00:07]} d5 {[%clk 01:32:06]} {[%emt 00:00:25]} 7. Bxd5 {[%clk 01:33:26]}
{[%emt 00:00:05]} Qxd5 {[%clk 01:32:23]} {[%emt 00:00:14]} 8. Nc3 {[%clk
01:33:51]} {[%emt 00:00:05]} Qh5 {[%clk 01:32:37]} {[%emt 00:00:16]} 9. Nxe4
{[%clk 01:34:07]} {[%emt 00:00:14]} Be6 {[%clk 01:29:45]} {[%emt 00:03:21]} 10.
Neg5 {[%clk 01:34:31]} {[%emt 00:00:08]} O-O-O {[%clk 01:26:02]} {[%emt
00:04:13]} 11. Nxe6 {[%clk 01:34:35]} {[%emt 00:00:25]} fxe6 {[%clk 01:25:36]}
{[%emt 00:00:56]} 12. Rxe6 {[%clk 01:34:38]} {[%emt 00:00:27]} Bd6 {[%clk
01:25:40]} {[%emt 00:00:25]} 13. h3 {[%clk 01:34:35]} {[%emt 00:00:35]} Nb4
{[%clk 01:15:23]} {[%emt 00:10:44]} 14. a3 {[%emt 00:02:53]} Nc6 {[%clk
01:11:06]} {[%emt 00:02:55]} 15. Qe2 {[%clk 01:33:46]} {[%emt 00:00:50]} Rhe8
{[%clk 01:09:49]} {[%emt 00:01:46]} 16. Bd2 {[%clk 01:31:42]} {[%emt 00:02:35]}
Be5 {[%clk 01:01:26]} {[%emt 00:08:54]} 17. Rxe8 {[%clk 01:29:59]} {[%emt
00:02:14]} Rxe8 {[%clk 01:01:04]} {[%emt 00:00:51]} 18. Qd3 {[%clk 01:28:58]}
{[%emt 00:01:28]} Rd8 {[%clk 00:49:59]} {[%emt 00:11:37]} 19. g4 {[%clk
01:28:56]} {[%emt 00:00:33]} Qe8 {[%clk 00:49:01]} {[%emt 00:01:26]} 20. Qf5
{[%clk 01:28:02]} {[%emt 00:01:24]} Qd7 {[%clk 00:48:32]} {[%emt 00:00:59]} 21.
Qxd7 {[%clk 01:26:37]} {[%emt 00:01:56]} Rxd7 {[%clk 00:48:38]} {[%emt
00:00:23]} 22. Re1 {[%clk 01:26:26]} {[%emt 00:00:42]} Bd6 {[%clk 00:47:11]}
{[%emt 00:01:54]} 23. Re8 {[%clk 01:26:36]} {[%emt 00:00:23]} Rd8 {[%clk
00:47:28]} {[%emt 00:00:12]} 24. Rxd8 {[%clk 01:24:35]} {[%emt 00:02:33]} Kxd8
{[%clk 00:47:54]} {[%emt 00:00:05]} 1/2-1/2